Datum a čas kvízu
28.5
Celkem bodů
Celkový počet nahraných bodů na tomto kvízu bez doplňovacích otázek.
10.
Pořadí na kvízu
Konečné umístění týmu na tomto kvízu.
Zaznamenané odpovědi
| # | Otázka | Odpověď | Body | Výsledky |
|---|---|---|---|---|
| 1. | Co bylo hlavní motivací kavárn... | C | 0 | |
| 2. | Kterým dvěma politikům praskla... | Andrej Babiš, Emmanuel Macron | 1 | |
| 3. | Fotografií roku 2025 se v sout... | A) konec hlubinné těžby uhlí na Ostravsku | 0 | |
| 4. | V pondělí opustila přísně stře... | Předmostecká/Předmostí | 0 | |
| 5. | Rvačky nejsou v NHL ničím neob... | Florida Panthers, San Jose Sharks | 0 | |
| 6. | Jak se jmenuje horolezec, jenž... | Radek Jaroš | 1 | |
| 7. | Jak se trojslovně jmenuje disc... | lezení na obtížnost | 1 | |
| 8. | Jak se jmenuje tento základní... | dračí smyčka | 0 | |
| 9. | Po půl bodu můžete získat, kdy... | El Capitan, Yosemite | 1 | |
| 10. | Jak se jmenuje fenomenální slo... | B) Janja Garnbret | 0 |